KOHA-Header-6

Kashir : Being A History of Kashmir (Record no. 14073)

000 -LEADER
fixed length control field 00280nam a22001217a 4500
082 ## - DEWEY DECIMAL CLASSIFICATION NUMBER
Classification number 954
100 ## - MAIN ENTRY--AUTHOR NAME
Personal name G. M. D. Sufi
245 ## - TITLE STATEMENT
Title Kashir : Being A History of Kashmir
250 ## - EDITION STATEMENT
Edition statement Vol: I
260 ## - PUBLICATION, DISTRIBUTION, ETC. (IMPRINT)
Place of publication Lahore
Name of publisher University of the Panjab
Year of publication 2005
300 ## - PHYSICAL DESCRIPTION
Number of Pages 350 pages
942 ## - ADDED ENTRY ELEMENTS (KOHA)
Koha item type Books
Holdings
Withdrawn status Lost status Collection code Permanent Location Current Location Shelving location Date acquired Full call number Accession Number Koha item type
    Pakistan Studies / History MAJU MAJU Shelf No.A30 2025-09-05 954 11141 Books
    Pakistan Studies / History MAJU MAJU Shelf No.A30 2025-09-05 954 11142 Books

Powered by Koha